| 000 | 00469nam 22001813 4500 | ||
|---|---|---|---|
| 001 | 200509 | ||
| 090 | _a200509 | ||
| 100 | _a20260210d u||y0pory50 ba | ||
| 200 |
_aA revolução na saúde _fpor Serge Jurasunas |
||
| 205 | _a2ª | ||
| 210 |
_a[s.l] _cNatipress _d[1999] |
||
| 215 |
_a620 p. _cbrochado _d24 cm |
||
| 606 |
_9927 _aMedicina |
||
| 675 |
_a61 _vPT _zpor |
||
| 700 |
_916321 _aJurasunas _bSerge |
||
| 801 |
_aPT _bBMMN _gRPC |
||
| 830 |
_cFernando _fFernando |
||
| 990 | _cLIVROS | ||